Statistics for Lord of the rings locations

Click here to take the quiz!

General Stats

  • This quiz has been taken 106 times
    (96 since last reset)
  • The average score is 12 of 15

Answer Stats

HintAnswer% Correct
The last battle in lord of the rings return of the king book took place where. | Where does Frodo live?.shire
96%
Home of the white lady.lothlorien
92%
Prancing Pony.bree
91%
Lady arwen lives there.rivendell
91%
Frodo cast the ring there.mount doom
89%
10,000 urak-hai attacked therehelms deep
87%
Frodo was stabbed there.weather top
85%
At the very top theres a white treeminas tirith
84%
Home of Legolas.mirkwood
82%
Was called minas lthil.minas morgul
76%
Where the king of rohan sits on his throne.edoras
69%
Balins tomb lies there.mines of moria
56%
Where did boromir die.amon hen
48%
Gimli was born there.blue mountains
35%

Score Distribution

Percentile by Number Answered

Percent of People with Each Score

Your Score History

You have not taken this quiz since the last reset